Countries with Only One Land Border - Statistics

General Stats
  • This quiz has been taken 32 times
    13 since last reset
  • The average score is 14 of 17
Answer Stats
Answer % Correct
Portugal
100%
South Korea
100%
Canada
91%
Denmark
91%
Ireland
91%
Lesotho
91%
Papua New Guinea
91%
Dominican Republic
82%
Haiti
82%
Qatar
82%
San Marino
82%
United Kingdom
82%
Vatican City
82%
Brunei
73%
Monaco
73%
Timor-Leste
73%
Gambia
55%
No matching quizzes found
Score Distribution
Percent of People with Each Score
Percentile by Number Answered
Your Score History
You have not taken this quiz since the last reset